[Event "Sparkassen-Open A"]
[Site "Heusenstamm, Martinsee"]
[Date "2023.11.23"]
[Round "1.80"]
[White "Barsov, Vladislav"]
[Black "Waffenschmidt, Joachim"]
[Result "1/2-1/2"]
[WhiteElo "1680"]
[BlackElo "2001"]
[PlyCount "164"]
[EventDate "2023.??.??"]
[WhiteTeam "SK Gräfelfing"]
[BlackTeam "SV 1920 Hofheim"]

1. c4 c6 2. g3 d5 3. Bg2 Nf6 4. Nc3 dxc4 5. Nf3 Nbd7 6. O-O g6 7. Qa4 b5 8. Qc2 Bb7 9. a4 a6 10. Nd4 Qb6 11. axb5 cxb5 12. Nf3 Bg7 13. d3 cxd3 14. Qxd3 O-O 15. Be3 Qd8 16. Rfd1 b4 17. Na2 a5 18. Qb3 e6 19. Bg5 Bd5 20. Qd3 Qb6 21. Be3 Qb7 22. Nc1 Rfc8 23. Nb3 a4 24. Nbd4 Bc4 25. Nh4 Qxg2+ 26. Nxg2 Bxd3 27. Rxd3 Nd5 28. Rc1 Nxe3 29. Rxc8+ Rxc8 30. Nxe3 Nc5 31. Rd1 b3 32. Kg2 Kf8 33. f4 e5 34. fxe5 Bxe5 35. Nc4 Bg7 36. Nb5 Ne4 37. Nb6 Rc2 38. Nxa4 Bxb2 39. Rb1 Bf6 40. Rxb3 Rxe2+ 41. Kf3 Ra2 42. Kxe4 Rxa4+ 43. Kf3 Ra2 44. h4 Be5 45. Nc3 Ra1 46. Ne2 h5 47. Re3 Bd6 48. Rd3 Ke7 49. Re3+ Kf6 50. Nc3 Kf5 51. Ne4 Bc7 52. Rb3 Rf1+ 53. Nf2 Rg1 54. Ne4 Rf1+ 55. Nf2 f6 56. Kg2 Ra1 57. Rb5+ Be5 58. Rb3 Ra2 59. Rf3+ Ke6 60. Kh3 g5 61. g4 hxg4+ 62. Nxg4 Ra4 63. hxg5 fxg5 64. Re3 Ra5 65. Rxe5+ Rxe5 66. Nxe5 Kxe5 67. Kg4 Kf6 68. Kf3 Kf5 69. Kg3 g4 70. Kf2 Kf4 71. Kg2 g3 72. Kg1 Kg4 73. Kg2 Kh4 74. Kg1 Kg5 75. Kg2 Kg4 76. Kg1 Kf3 77. Kf1 Kf4 78. Kg1 Ke3 79. Kg2 Kf4 80. Kg1 Kf3 81. Kf1 g2+ 82. Kg1 Kg3 1/2-1/2

[Event "Sparkassen-Open A"]
[Site "Heusenstamm, Martinsee"]
[Date "2023.11.23"]
[Round "1.81"]
[White "Mayer, Frank"]
[Black "Füssel, Jan Michael"]
[Result "1-0"]
[WhiteElo "2006"]
[BlackElo "1720"]
[PlyCount "83"]
[EventDate "2023.??.??"]
[WhiteTeam "Wiesbadener SV 1885"]
[BlackTeam "SV Wersten 1964 e. V."]

1. e4 c5 2. d4 e6 3. d5 d6 4. Nc3 Nf6 5. Nf3 Be7 6. Be2 O-O 7. O-O a6 8. a4 e5 9. Nd2 Ne8 10. Nc4 f5 11. f3 Nd7 12. a5 b5 13. axb6 Nxb6 14. Na5 Bg5 15. Ra3 Bxc1 16. Qxc1 Qh4 17. Nc6 Rf7 18. Qd2 g5 19. exf5 Bxf5 20. Rxa6 Rxa6 21. Bxa6 Rg7 22. g3 Qh3 23. Bd3 Bd7 24. b3 h5 25. Rf2 Kh8 26. Be4 Nf6 27. Qd3 Rg8 28. Ne7 Ra8 29. Rf1 h4 30. g4 Re8 31. Nf5 Nc8 32. Ra1 Nxg4 33. fxg4 Qxg4+ 34. Kh1 h3 35. Rg1 Qh5 36. Ng3 Qh4 37. Bf5 Bxf5 38. Qxf5 Rg8 39. Qf6+ Kh7 40. Qf7+ Kh8 41. Nf5 Qh7 42. Qf6+ 1-0

[Event "Sparkassen-Open A"]
[Site "Heusenstamm, Martinsee"]
[Date "2023.11.23"]
[Round "1.82"]
[White "Röß, Jonas"]
[Black "Wuerl, Roland"]
[Result "0-1"]
[WhiteElo "1588"]
[BlackElo "1974"]
[PlyCount "104"]
[EventDate "2023.??.??"]
[WhiteTeam "SV Würzburg von 1865 e.V."]
[BlackTeam "SC FK Babenhausen 1994"]

1. e4 c5 2. Nf3 Nc6 3. d4 cxd4 4. Nxd4 Nf6 5. Nc3 d6 6. Bc4 e6 7. Be3 Bd7 8. f3 a6 9. Qd2 b5 10. Nxc6 Bxc6 11. Bb3 Be7 12. g4 b4 13. Ne2 h6 14. Nd4 Bd7 15. Bc4 Qa5 16. Rg1 d5 17. exd5 Nxd5 18. Nb3 Qc7 19. Bxd5 exd5 20. Qxd5 Bh4+ 21. Kd2 O-O 22. Rad1 Be6 23. Qa5 Qxh2+ 24. Kc1 Bxb3 25. Rd2 Qh3 26. axb3 Qxf3 27. Rd3 Rad8 28. Qf5 Qxf5 29. gxf5 Rxd3 30. cxd3 Kh7 31. Rg4 Be7 32. Rc4 Rd8 33. Kd2 Rd7 34. Ke2 g6 35. fxg6+ fxg6 36. Rc6 g5 37. Rxa6 Rd6 38. Rxd6 Bxd6 39. Kf3 Kg6 40. Bb6 Kf5 41. Be3 h5 42. Bd2 g4+ 43. Kg2 h4 44. Be1 h3+ 45. Kf2 Kg5 46. d4 Kf4 47. Kg1 Kf3 48. d5 g3 49. Bxg3 Bxg3 50. d6 Bxd6 51. Kh1 Ke3 52. Kg1 Kd3 0-1

[Event "Sparkassen-Open A"]
[Site "Heusenstamm, Martinsee"]
[Date "2023.11.23"]
[Round "1.83"]
[White "Steinle, Carsten"]
[Black "Vinogradov, Ilia"]
[Result "1-0"]
[WhiteElo "1969"]
[BlackElo "1609"]
[PlyCount "119"]
[EventDate "2023.??.??"]
[WhiteTeam "SV Ahlen 1954 e. V."]
[BlackTeam "SV 1947 Walldorf"]

1. Nf3 d5 2. b3 Nf6 3. Bb2 e6 4. e3 c5 5. Be2 Nc6 6. O-O Bd6 7. c4 O-O 8. d3 b6 9. Nbd2 Bb7 10. Rc1 Rc8 11. a3 Bb8 12. Qc2 d4 13. exd4 Nxd4 14. Nxd4 cxd4 15. Qd1 Qd6 16. g3 Rfd8 17. Bf3 Bxf3 18. Qxf3 Qc6 19. Rfe1 e5 20. b4 Qxf3 21. Nxf3 Re8 22. Re2 Re6 23. Ng5 Ree8 24. Rce1 h6 25. Nf3 e4 26. dxe4 d3 27. Re3 Rxc4 28. Bxf6 gxf6 29. Rxd3 Rc7 30. Nh4 Kg7 31. f3 Rb7 32. Red1 Rc7 33. Nf5+ Kg6 34. Rd8 Rxd8 35. Rxd8 Rc1+ 36. Kg2 Bc7 37. Rg8+ Kh7 38. Rg7+ Kh8 39. Rxf7 a5 40. bxa5 bxa5 41. Rxf6 Ra1 42. Rxh6+ Kg8 43. Rc6 Be5 44. Rc5 Ra2+ 45. Kh3 Bb2 46. Rxa5 Rxa3 47. Rxa3 Bxa3 48. Kg4 Kf7 49. h4 Bf8 50. e5 Bb4 51. f4 Bf8 52. Nd6+ Kg6 53. f5+ Kh6 54. f6 Kg6 55. h5+ Kh6 56. e6 Kh7 57. e7 Kg8 58. e8=Q Kh7 59. Qg6+ Kh8 60. Nf7# 1-0

[Event "Sparkassen-Open A"]
[Site "Heusenstamm, Martinsee"]
[Date "2023.11.23"]
[Round "1.84"]
[White "Mohr, Alwin"]
[Black "Bräutigam, Thomas"]
[Result "1-0"]
[WhiteElo "1614"]
[BlackElo "1992"]
[PlyCount "47"]
[EventDate "2023.??.??"]
[WhiteTeam "SV Oberursel"]
[BlackTeam "SV Würzburg von 1865 e.V."]

1. e4 c5 2. Nc3 Nc6 3. Bb5 Nd4 4. Bc4 g6 5. Nge2 Bg7 6. O-O e6 7. d3 Ne7 8. Bg5 O-O 9. Nxd4 cxd4 10. Ne2 h6 11. Bxe7 Qxe7 12. f4 Qc5 13. Ng3 d5 14. exd5 exd5 15. Bb3 a5 16. a4 Bd7 17. Qf3 Bc6 18. f5 Bf6 19. fxg6 fxg6 20. Ne4 Qe7 21. Nxf6+ Kg7 22. Nxd5 Qc5 23. Nf4 Qe7 24. Qg3 1-0

[Event "Sparkassen-Open A"]
[Site "Heusenstamm, Martinsee"]
[Date "2023.11.23"]
[Round "1.85"]
[White "Meuer, David"]
[Black "Köpke, Carolina"]
[Result "1-0"]
[WhiteElo "1988"]
[BlackElo "1482"]
[PlyCount "75"]
[EventDate "2023.??.??"]
[WhiteTeam "SV Turm Lahnstein"]
[BlackTeam "SV Oberursel"]

1. e4 e5 2. Nf3 Nc6 3. d4 exd4 4. Nxd4 Bc5 5. Nxc6 Qf6 6. Qd2 Qxc6 7. Bd3 Nf6 8. O-O d6 9. b4 Bb6 10. Bb2 Bd7 11. a4 a5 12. Bb5 Nxe4 13. Bxc6 Nxd2 14. Bxd7+ Kxd7 15. Nxd2 axb4 16. Bxg7 Rhg8 17. Bb2 d5 18. Rfd1 c6 19. Nc4 Bc7 20. Be5 Ra6 21. Bxc7 Kxc7 22. Nb2 Rga8 23. Rd4 Rb6 24. Rd3 Re8 25. Kf1 Rd8 26. Re1 Rd7 27. Re5 f6 28. Rf5 Rd6 29. Rh3 c5 30. Rxh7+ Kb8 31. Rhh5 c4 32. Rxd5 Rdc6 33. Rb5 b3 34. cxb3 cxb3 35. Rxb6 Rxb6 36. Rb5 Kc7 37. Rxb6 Kxb6 38. Ke2 1-0

[Event "Sparkassen-Open A"]
[Site "Heusenstamm, Martinsee"]
[Date "2023.11.23"]
[Round "1.86"]
[White "Spelleken, Hans-Gerd"]
[Black "Tremöhlen, Thomas"]
[Result "1/2-1/2"]
[WhiteElo "1700"]
[BlackElo "1976"]
[PlyCount "128"]
[EventDate "2023.??.??"]
[WhiteTeam "SC Somborn 1933"]
[BlackTeam "Sportgemeinschaft Kaarst 1912/35"]

1. Nf3 Nf6 2. d4 e6 3. Nbd2 d5 4. e3 c5 5. c3 Nc6 6. Bd3 cxd4 7. exd4 Bd6 8. Qe2 Qc7 9. Bb5 Bd7 10. O-O Ne7 11. Bd3 Ng6 12. Bxg6 hxg6 13. Ne5 a6 14. Re1 Rh5 15. Ndf3 Bb5 16. Qc2 O-O-O 17. a4 Be8 18. h3 Ne4 19. c4 f6 20. Ng4 g5 21. c5 Bf4 22. b4 f5 23. Nge5 Bxc1 24. Rexc1 g4 25. hxg4 fxg4 26. Nh2 g3 27. fxg3 Nxg3 28. b5 a5 29. b6 Qe7 30. c6 Rxe5 31. cxb7+ Kxb7 32. dxe5 d4 33. Qd3 Qg5 34. Qf3+ Rd5 35. Kf2 Nf5 36. Ng4 Bh5 37. Rc7+ Kxb6 38. Rac1 Qd2+ 39. Kg1 Be8 40. Qb3+ Qb4 41. Qd3 Qxa4 42. R7c4 Bb5 43. Qb1 Qa3 44. Rc7 Qb4 45. Qc2 d3 46. Rc6+ Bxc6 47. Qxc6+ Ka7 48. Qxe6 Qb6+ 49. Qxb6+ Kxb6 50. Kf2 a4 51. Kf3 g6 52. e6 a3 53. Nf2 Kb5 54. g4 Nd4+ 55. Ke4 Rd8 56. e7 Re8 57. Kxd4 Rxe7 58. Kxd3 Rd7+ 59. Ke3 Re7+ 60. Ne4 Kb4 61. Rb1+ Kc4 62. Kf4 a2 63. Re1 Kd4 64. Rd1+ Kc4 1/2-1/2

[Event "Sparkassen-Open A"]
[Site "Heusenstamm, Martinsee"]
[Date "2023.11.23"]
[Round "1.87"]
[White "Thomas, Tobias"]
[Black "Kuckel, Michael"]
[Result "1-0"]
[WhiteElo "1923"]
[BlackElo "1634"]
[PlyCount "79"]
[EventDate "2023.??.??"]
[WhiteTeam "SK Langen"]
[BlackTeam "SC Matt im Park Ffm"]

1. e4 c6 2. Nc3 d5 3. Nf3 dxe4 4. Nxe4 Bg4 5. Bc4 e6 6. O-O Nf6 7. Re1 Nbd7 8. h3 Bxf3 9. Qxf3 Nxe4 10. Qxe4 Nf6 11. Qf3 Nd5 12. c3 Be7 13. d4 O-O 14. Bf4 Nxf4 15. Qxf4 Bd6 16. Qg4 Qf6 17. Re4 b5 18. Bd3 Qh6 19. Qe2 Rad8 20. Re1 Rd7 21. g3 g6 22. b4 Rfd8 23. Kg2 Bc7 24. Rh4 Qg7 25. Be4 Rd6 26. Qf3 Rc8 27. Bc2 Bd8 28. Rhe4 Rd5 29. Bb3 Rd7 30. h4 Rd6 31. a3 Kh8 32. h5 Bf6 33. Rf4 e5 34. dxe5 Bxe5 35. Rxf7 Qh6 36. Rxe5 Rcd8 37. hxg6 hxg6 38. Re1 Rd3 39. Qf6+ Kg8 40. Rf8+ 1-0

[Event "Sparkassen-Open A"]
[Site "Heusenstamm, Martinsee"]
[Date "2023.11.23"]
[Round "1.88"]
[White "Schmid, Leon"]
[Black "Küpper, Martin"]
[Result "0-1"]
[WhiteElo "1593"]
[BlackElo "1941"]
[PlyCount "102"]
[EventDate "2023.??.??"]
[WhiteTeam "Sfr.Heidesheim"]
[BlackTeam "SC Fulda"]

1. e4 g6 2. Nf3 Bg7 3. g3 d6 4. d4 Nf6 5. Nc3 O-O 6. Bg2 Nbd7 7. O-O c5 8. Re1 cxd4 9. Nxd4 a6 10. a4 Qc7 11. h3 Nc5 12. Be3 e5 13. Nde2 b6 14. b4 Ncd7 15. Nd5 Nxd5 16. Qxd5 Bb7 17. Qd3 Rfc8 18. Rec1 Bf8 19. c4 a5 20. b5 Nc5 21. Qc2 Ne6 22. Qd3 Nc5 23. Qc2 Qd7 24. Ra3 Rc7 25. Rc3 Re8 26. Bxc5 Rxc5 27. Re1 Qe6 28. Kh2 Rec8 29. Rc1 R8c7 30. Qd3 Bc8 31. R1c2 Bd7 32. Nc1 Rc8 33. Ne2 f6 34. Bf1 Qf7 35. Nc1 Be6 36. Nb3 R5c7 37. Nd2 Rb8 38. Bg2 Qd7 39. Nf1 Rc5 40. Ne3 f5 41. Nd5 Qf7 42. f4 Bg7 43. fxe5 Bxe5 44. Ra3 Bxd5 45. cxd5 Rbc8 46. Rxc5 Rxc5 47. exf5 gxf5 48. Kg1 Rc1+ 49. Kf2 Qf6 50. Qf3 Bd4+ 51. Ke2 Rc2+ 0-1

[Event "Sparkassen-Open A"]
[Site "Heusenstamm, Martinsee"]
[Date "2023.11.23"]
[Round "1.89"]
[White "Weiss, Matthias"]
[Black "Scheerer, Amelie"]
[Result "1-0"]
[WhiteElo "1983"]
[BlackElo "1583"]
[PlyCount "29"]
[EventDate "2023.??.??"]
[WhiteTeam "SF Schöneck"]
[BlackTeam "SV 1934 Ffm-Griesheim"]

1. e4 e5 2. Nf3 Nc6 3. Nc3 Nf6 4. d4 exd4 5. Nxd4 Bc5 6. Nxc6 bxc6 7. Bd3 d6 8. O-O O-O 9. Bg5 Re8 10. h3 d5 11. exd5 cxd5 12. Bxf6 Qxf6 13. Nxd5 Qg5 14. Nxc7 Bb7 15. Qg4 1-0

[Event "Sparkassen-Open A"]
[Site "Heusenstamm, Martinsee"]
[Date "2023.11.23"]
[Round "1.90"]
[White "Faßler, Felix"]
[Black "Buchinger, Alexis"]
[Result "1/2-1/2"]
[WhiteElo "1606"]
[BlackElo "1841"]
[PlyCount "109"]
[EventDate "2023.??.??"]
[WhiteTeam "SC Fulda"]
[BlackTeam "SF Neuberg"]

1. e4 e5 2. Nc3 Nc6 3. Bc4 Nf6 4. d3 Bc5 5. f4 exf4 6. Bxf4 d6 7. Nf3 Bg4 8. Bb5 O-O 9. Bxc6 bxc6 10. Na4 Bb6 11. Nxb6 axb6 12. O-O d5 13. exd5 cxd5 14. Qe1 c5 15. Qg3 Bxf3 16. Qxf3 Qd7 17. a3 Rfe8 18. Rae1 Rxe1 19. Rxe1 Re8 20. Rxe8+ Qxe8 21. Qe3 Qxe3+ 22. Bxe3 d4 23. Bd2 Kf8 24. Kf2 Ke8 25. Kf3 Kd7 26. a4 Ke6 27. a5 bxa5 28. Bxa5 Kd5 29. c4+ dxc3 30. bxc3 c4 31. d4 Ne4 32. Kf4 Nf6 33. g4 h6 34. Bd8 Nd7 35. h4 Nf8 36. Kf5 Nd7 37. h5 Nf8 38. Be7 Ne6 39. Bb4 Ng5 40. Bf8 Ne6 41. Bxg7 Nxg7+ 42. Kf6 Ne6 43. Kxf7 Ng5+ 44. Kg6 Ne4 45. Kxh6 Nxc3 46. Kg6 Ne4 47. h6 Ng5 48. Kxg5 c3 49. h7 c2 50. h8=Q c1=Q+ 51. Kg6 Qc2+ 52. Kf7 Qc7+ 53. Kg6 Qc2+ 54. Kf7 Qc7+ 55. Kg6 1/2-1/2

[Event "Sparkassen-Open A"]
[Site "Heusenstamm, Martinsee"]
[Date "2023.11.23"]
[Round "1.91"]
[White "Pauls, Wilhelm"]
[Black "Pradeep, Harshill"]
[Result "1-0"]
[WhiteElo "1967"]
[BlackElo "1538"]
[PlyCount "119"]
[EventDate "2023.??.??"]
[WhiteTeam "Sportgemeinschaft Kaarst 1912/35"]
[BlackTeam "SK Bickenbach"]

1. e4 e5 2. Nf3 Nc6 3. Bb5 f5 4. d3 fxe4 5. dxe4 Nf6 6. O-O Bc5 7. Nc3 d6 8. Bg5 a6 9. Be2 Be6 10. Nd5 Bxd5 11. exd5 Nb8 12. Nd2 Nbd7 13. Bh5+ Ke7 14. Qg4 Qg8 15. Bh4 g6 16. Ne4 gxh5 17. Qxd7+ Kxd7 18. Nxf6+ Kc8 19. Nxg8 Rxg8 20. Rae1 Rg4 21. g3 Kd7 22. Kg2 Rag8 23. Kh3 Rf8 24. f4 exf4 25. Re7+ Kc8 26. Rxf4 Rgxf4 27. gxf4 b5 28. Bg5 h6 29. Bxh6 Rf5 30. Re2 Rxd5 31. Kh4 b4 32. Bg5 Rf5 33. Kxh5 Bd4 34. Kg6 Rf8 35. b3 Kd7 36. Re7+ Kc6 37. h4 a5 38. f5 Kd5 39. Rxc7 Rg8+ 40. Kh5 Ke4 41. Kg4 Kd5 42. Re7 Kc6 43. Kh5 d5 44. f6 Kd6 45. Bf4+ Kc6 46. f7 Rf8 47. Kg6 Bc5 48. Rc7+ Kb6 49. Rxc5 Kxc5 50. Kg7 Rxf7+ 51. Kxf7 Kd4 52. h5 Kc3 53. h6 Kxc2 54. h7 Kb2 55. h8=Q+ Kxa2 56. Bc1 Kxb3 57. Qb2+ Kc4 58. Qa2+ b3 59. Qxa5 d4 60. Qd2 1-0

[Event "Sparkassen-Open A"]
[Site "Heusenstamm, Martinsee"]
[Date "2023.11.23"]
[Round "1.92"]
[White "Leitzig, Reamonn Franky James"]
[Black "Diehm, Alexander"]
[Result "0-1"]
[WhiteElo "1540"]
[BlackElo "1969"]
[PlyCount "92"]
[EventDate "2023.??.??"]
[WhiteTeam "SV 1934 Ffm-Griesheim"]
[BlackTeam "SC FK Babenhausen 1994"]

1. e4 c5 2. Nf3 Nc6 3. d4 cxd4 4. Nxd4 e5 5. Nb5 d6 6. c4 a6 7. N5c3 Nf6 8. Bg5 Be7 9. Bxf6 Bxf6 10. Nd5 Bg5 11. Nbc3 O-O 12. Bd3 Be6 13. O-O Nd4 14. a4 Bh6 15. a5 Rc8 16. Nb6 Rc6 17. Ne2 Bg4 18. Nxd4 Bxd1 19. Nxc6 bxc6 20. Rfxd1 c5 21. Bc2 Re8 22. Ba4 Re6 23. Rd5 Qh4 24. Rad1 Rf6 25. g3 Qxe4 26. Rxc5 g6 27. Rc8+ Kg7 28. Nd5 Rxf2 29. Kxf2 Qf5+ 30. Kg2 Qxc8 31. b3 Qg4 32. Rf1 f5 33. Nc7 Bd2 34. Ne8+ Kf7 35. Nxd6+ Ke6 36. c5 Bxa5 37. Nc4 Bc7 38. Rf2 f4 39. Rd2 f3+ 40. Kf2 Qe4 41. Ne3 Ba5 42. Bd7+ Kf7 43. Rc2 Be1+ 44. Kxe1 Qxe3+ 45. Kd1 f2 46. Bh3 Qe1# 0-1

[Event "Sparkassen-Open A"]
[Site "Heusenstamm, Martinsee"]
[Date "2023.11.23"]
[Round "1.93"]
[White "Wortmann, Klaus-Peter"]
[Black "Hofmann, Werner"]
[Result "1-0"]
[WhiteElo "1969"]
[BlackElo "1669"]
[PlyCount "75"]
[EventDate "2023.??.??"]
[WhiteTeam "Märkischer Springer Halver-Schal"]
[BlackTeam "SV 1920 Kelsterbach"]

1. Nf3 c6 2. e3 d5 3. b3 Bg4 4. Bb2 e6 5. d4 Nf6 6. h3 Bxf3 7. Qxf3 c5 8. Bb5+ Nc6 9. O-O cxd4 10. Bxd4 Be7 11. Nd2 Qa5 12. Bxc6+ bxc6 13. Rfd1 O-O 14. e4 c5 15. Bc3 Qb6 16. Rac1 Rfd8 17. exd5 exd5 18. Re1 Qd6 19. Be5 Qa6 20. Ra1 Rac8 21. c3 Qc6 22. Re2 a5 23. g4 Bd6 24. Bxf6 gxf6 25. Qf5 Be5 26. Rc1 a4 27. Nf3 Bd6 28. g5 Qd7 29. Qxd7 Rxd7 30. gxf6 axb3 31. axb3 Rb8 32. Rd1 Kf8 33. Kg2 Bf4 34. c4 d4 35. Re4 Bc7 36. Rh4 Bd8 37. Ng5 Rd6 38. Ne4 1-0

[Event "Sparkassen-Open A"]
[Site "Heusenstamm, Martinsee"]
[Date "2023.11.23"]
[Round "1.94"]
[White "Neininger, Sarah"]
[Black "Martin, Reiner"]
[Result "0-1"]
[WhiteElo "1604"]
[BlackElo "1966"]
[PlyCount "72"]
[EventDate "2023.??.??"]
[WhiteTeam "Chess Tigers Schach-Förderverein"]
[BlackTeam "SC Bad Soden"]

1. e4 c5 2. Nc3 e6 3. Nf3 a6 4. d4 cxd4 5. Nxd4 Qc7 6. Be3 Bb4 7. Qd2 Nf6 8. f3 d5 9. Bd3 e5 10. exd5 exd4 11. Bxd4 Nbd7 12. Qe2+ Kf8 13. O-O Bc5 14. Bxc5+ Nxc5 15. Rfe1 Nxd3 16. Qxd3 Qb6+ 17. Kh1 g6 18. Rad1 Bd7 19. Ne4 Kg7 20. c4 Qxb2 21. c5 Bb5 22. Qe3 Rhe8 23. Qf4 Qe5 24. Qd2 Nxe4 25. fxe4 Rac8 26. Rc1 Kg8 27. Qf2 Bd3 28. d6 Rcd8 29. Kg1 Bxe4 30. Rc4 Qd5 31. Rd4 Qc6 32. Rf1 Rd7 33. Re1 f5 34. g4 Qxc5 35. gxf5 gxf5 36. Qg3+ Rg7 0-1

[Event "Sparkassen-Open A"]
[Site "Heusenstamm, Martinsee"]
[Date "2023.11.23"]
[Round "1.95"]
[White "Calvi, Stefan"]
[Black "Spelleken, Mark"]
[Result "1-0"]
[WhiteElo "1925"]
[BlackElo "1544"]
[PlyCount "107"]
[EventDate "2023.??.??"]
[WhiteTeam "SV Oberursel"]
[BlackTeam "SC Somborn 1933"]

1. e4 c5 2. c3 d6 3. d4 cxd4 4. cxd4 Nf6 5. Nc3 a6 6. Nf3 g6 7. Bd3 Bg7 8. O-O O-O 9. h3 Nfd7 10. Be3 Nc6 11. Qd2 e6 12. Rac1 Nf6 13. Bh6 Ne7 14. Bxg7 Kxg7 15. Nh2 b5 16. e5 dxe5 17. dxe5 Nfd5 18. Ng4 Ng8 19. Be4 Bb7 20. Rfd1 Nxc3 21. Qxc3 Qb6 22. Bxb7 Qxb7 23. Qc6 Qxc6 24. Rxc6 h5 25. Ne3 a5 26. Rd7 Rfc8 27. Rxe6 Rc1+ 28. Kh2 Rb1 29. b3 Rb2 30. Kg3 Rxa2 31. Rb6 b4 32. Rbb7 Nh6 33. e6 Re8 34. e7 f6 35. Rd8 Kf7 36. Rxe8 Kxe8 37. Nd5 Nf5+ 38. Kf3 Kf7 39. Nxf6 Nh4+ 40. Kg3 Nf5+ 41. Kf3 Nh4+ 42. Ke3 Nf5+ 43. Kd3 Nxe7 44. Nd5 Ke6 45. Nxe7 Rxf2 46. Nxg6 Kf6 47. Nh4 Kg5 48. g3 Rf1 49. Rb6 Rf6 50. Rxf6 Kxf6 51. Kc4 Ke5 52. Kb5 Ke4 53. Kxa5 Ke3 54. Kxb4 1-0

[Event "Sparkassen-Open A"]
[Site "Heusenstamm, Martinsee"]
[Date "2023.11.23"]
[Round "1.96"]
[White "John, Volkmar"]
[Black "Poetsch, Leonore"]
[Result "0-1"]
[WhiteElo "1646"]
[BlackElo "1957"]
[PlyCount "82"]
[EventDate "2023.??.??"]
[WhiteTeam "SK Herborn 1946"]
[BlackTeam "VSG 1880 Offenbach"]

1. c4 c6 2. g3 Nf6 3. Bg2 e5 4. d4 exd4 5. Qxd4 Bb4+ 6. Bd2 Bxd2+ 7. Qxd2 O-O 8. Nc3 Re8 9. Nh3 Na6 10. O-O Nc5 11. Rad1 Qc7 12. b4 Ne6 13. Qd6 Rb8 14. Qxc7 Nxc7 15. Rd6 b5 16. c5 a5 17. a3 Ra8 18. Ng5 axb4 19. axb4 Ra3 20. Rc1 Rb3 21. Rd4 h6 22. Nge4 Nxe4 23. Nxe4 Ne6 24. Rd3 Rxb4 25. Nd6 Rf8 26. Nxc8 Rxc8 27. Rxd7 Nd4 28. Kf1 Nb3 29. Rcd1 Nxc5 30. Rd8+ Rxd8 31. Rxd8+ Kh7 32. Bxc6 Rb1+ 33. Kg2 b4 34. h4 b3 35. Rb8 Kg6 36. Kf3 Kf6 37. Rb5 Rc1 38. Bd5 Rc3+ 39. e3 Ke7 40. Ke2 f5 41. Kd2 Rd3+ 0-1

[Event "Sparkassen-Open A"]
[Site "Heusenstamm, Martinsee"]
[Date "2023.11.23"]
[Round "1.97"]
[White "Hank, Holger"]
[Black "Valean, David-Andrei"]
[Result "0-1"]
[WhiteElo "1951"]
[BlackElo "1572"]
[PlyCount "110"]
[EventDate "2023.??.??"]
[WhiteTeam "Brühler SK 1920 e. V."]
[BlackTeam "SK 1933 Bad Neustadt"]

1. c4 e5 2. g3 Nf6 3. Bg2 Bc5 4. Nc3 d6 5. Nf3 Nc6 6. a3 a5 7. b3 O-O 8. O-O Bg4 9. h3 Bh5 10. Bb2 Bd4 11. d3 Qd7 12. e3 Bxc3 13. Bxc3 e4 14. dxe4 Nxe4 15. Bb2 Bxf3 16. Bxf3 Ng5 17. Bg2 Nxh3+ 18. Kh2 Ng5 19. Qh5 Qe7 20. Rad1 Ne4 21. Rd5 Nf6 22. Qg5 h6 23. Bxf6 Qxf6 24. Qxf6 gxf6 25. g4 Ne5 26. Kg3 a4 27. f4 Ng6 28. b4 Rfe8 29. e4 Kg7 30. Rh1 Ne7 31. Rdh5 Rh8 32. Bf3 Nc6 33. Rd5 Ne7 34. Rb5 Ra7 35. Rbh5 Nc6 36. Rd1 Ne7 37. Kf2 Ng6 38. Ke3 Ne7 39. Rdh1 Raa8 40. e5 fxe5 41. fxe5 dxe5 42. Rxe5 Ng6 43. Rb5 Rae8+ 44. Kf2 b6 45. Rf5 Ne5 46. Be2 Nc6 47. Rd5 Re5 48. Rd7 Re7 49. Rxe7 Nxe7 50. Rd1 Ng6 51. Rd4 Ne5 52. Bd1 c5 53. bxc5 bxc5 54. Rd5 Nxc4 55. Bxa4 Nb6 0-1

[Event "Sparkassen-Open A"]
[Site "Heusenstamm, Martinsee"]
[Date "2023.11.23"]
[Round "1.98"]
[White "Kanno, Clara Yumi"]
[Black "Heppert, Lars"]
[Result "0-1"]
[WhiteElo "1388"]
[BlackElo "1943"]
[PlyCount "74"]
[EventDate "2023.??.??"]
[WhiteTeam "SF Essen-Werden 1924/"]
[BlackTeam "SK Neuburg"]

1. d4 d5 2. Bf4 Nf6 3. e3 c5 4. c3 Nc6 5. Nd2 cxd4 6. exd4 Bf5 7. Ngf3 e6 8. Be2 Bd6 9. Bxd6 Qxd6 10. O-O O-O 11. Nh4 Rfe8 12. g4 Bg6 13. f4 Qe7 14. Rf2 Nd7 15. Nxg6 hxg6 16. g5 f6 17. h4 e5 18. Bd3 e4 19. Re2 Qd6 20. Bb5 Qxf4 21. gxf6 Nxf6 22. Qe1 Re7 23. Rg2 e3 24. Nf1 Ng4 25. Qe2 Nf2 26. Re1 Qxh4 27. Rh2 Qg5+ 28. Rg2 Qf4 29. Bd3 Rf8 30. Bxg6 Nh3+ 31. Kh1 Qh4 32. Nh2 Nf2+ 33. Kg1 Nh3+ 34. Kh1 Nf4 35. Qg4 Nxg2 36. Kxg2 Rf2+ 37. Kg1 Qxh2# 0-1

[Event "Sparkassen-Open A"]
[Site "Heusenstamm, Martinsee"]
[Date "2023.11.23"]
[Round "1.99"]
[White "von Wahden, Jens"]
[Black "Drewes, Thomas"]
[Result "1/2-1/2"]
[WhiteElo "1904"]
[BlackElo "1631"]
[PlyCount "82"]
[EventDate "2023.??.??"]
[WhiteTeam "SV Oberursel"]
[BlackTeam "SV Würzburg von 1865 e.V."]

1. d4 d5 2. c4 c6 3. Nc3 Nf6 4. Nf3 dxc4 5. a4 Bf5 6. e3 e6 7. Bxc4 Bb4 8. O-O Nbd7 9. Qe2 O-O 10. e4 Bg4 11. Rd1 Qa5 12. Bd2 Qh5 13. e5 Bxc3 14. bxc3 Nd5 15. Bd3 f5 16. c4 Ne7 17. Rdb1 b6 18. Qe3 f4 19. Qe4 Bf5 20. Qe2 Bxd3 21. Qxd3 g5 22. Ne1 Rad8 23. Qe4 Qg6 24. f3 Qxe4 25. fxe4 Nxe5 26. dxe5 Rxd2 27. Nf3 Rc2 28. Nxg5 Rxc4 29. Nxe6 Rf7 30. Rd1 h6 31. Rd8+ Kh7 32. Nf8+ Kg7 33. Ne6+ Kh7 34. Nf8+ Kg7 35. Nd7 Rxe4 36. Ra8 Ng6 37. Rxa7 Nxe5 38. Rd1 c5 39. a5 bxa5 40. Nxc5 Rxa7 41. Nxe4 a4 1/2-1/2

[Event "Sparkassen-Open A"]
[Site "Heusenstamm, Martinsee"]
[Date "2023.11.23"]
[Round "1.101"]
[White "Werner, Tom"]
[Black "Alt, Johannes"]
[Result "0-1"]
[WhiteElo "1822"]
[BlackElo "1557"]
[PlyCount "88"]
[EventDate "2023.??.??"]
[WhiteTeam "VSG 1880 Offenbach"]
[BlackTeam "Sfr.Heidesheim"]

1. c4 Nf6 2. g3 g6 3. Bg2 Bg7 4. Nc3 O-O 5. d4 d6 6. Nf3 Nbd7 7. O-O c6 8. e4 e5 9. d5 c5 10. Rb1 Ne8 11. Be3 b6 12. Qd2 Ndf6 13. Bg5 Qc7 14. Rfe1 Nh5 15. Bh6 f5 16. exf5 Bxf5 17. Rbc1 Nhf6 18. Nh4 Bc8 19. Bxg7 Qxg7 20. Qg5 Rb8 21. Re2 Rb7 22. Rce1 Rbf7 23. h3 Ba6 24. b3 Bc8 25. Kh2 Nh5 26. Qd8 Bd7 27. Qb8 g5 28. Nf3 Rxf3 29. Bxf3 Rxf3 30. Qd8 Rxc3 31. Re3 Rxe3 32. Rxe3 Nhf6 33. Kg2 g4 34. h4 Kf8 35. a4 Qe7 36. Qb8 Bf5 37. Kg1 e4 38. Kg2 Qc7 39. Qa8 Nd7 40. Re1 Ne5 41. Ra1 a5 42. Re1 Bc8 43. Kf1 Nf6 44. f4 gxf3 0-1

[Event "Sparkassen-Open A"]
[Site "Heusenstamm, Martinsee"]
[Date "2023.11.23"]
[Round "1.102"]
[White "Papadopoulos, Leon"]
[Black "Woestmann, Ulrich"]
[Result "1-0"]
[WhiteElo "1546"]
[BlackElo "1937"]
[PlyCount "95"]
[EventDate "2023.??.??"]
[WhiteTeam "SV Oberursel"]
[BlackTeam "SV Ahlen 1954 e. V."]

1. e4 c5 2. Nf3 d6 3. d4 cxd4 4. Nxd4 Nf6 5. Nc3 a6 6. Bd3 e5 7. Nde2 Be7 8. O-O Nc6 9. h3 O-O 10. Be3 Nb4 11. Bc4 b5 12. Bb3 Bb7 13. Qe1 Nc6 14. Rd1 Na5 15. Bd5 Nxd5 16. Nxd5 Nc4 17. Qc3 Rc8 18. Bc1 Bxd5 19. exd5 f5 20. Kh1 f4 21. Qd3 f3 22. gxf3 Qd7 23. Kh2 Rf7 24. b3 e4 25. Qxe4 Ne5 26. Nd4 Rc3 27. Be3 Bd8 28. f4 Ng6 29. Ne6 Bf6 30. Rg1 Qc8 31. Rd2 Nh4 32. Rg3 Kh8 33. Kg1 g6 34. Bd4 Rxg3+ 35. fxg3 Nf5 36. Bxf6+ Rxf6 37. Kg2 h5 38. Qd3 Kh7 39. Ng5+ Kh6 40. Ne4 Rf8 41. g4 Ne7 42. g5+ Kh7 43. Nf6+ Kg7 44. Qd4 Kf7 45. Nh7 Rh8 46. Qf6+ Kg8 47. Qxe7 Rxh7 48. Qxd6 1-0

[Event "Sparkassen-Open A"]
[Site "Heusenstamm, Martinsee"]
[Date "2023.11.23"]
[Round "1.103"]
[White "Brehme, Ralf-Peter"]
[Black "Köhlich, Viktor"]
[Result "0-1"]
[WhiteElo "1935"]
[BlackElo "1608"]
[PlyCount "80"]
[EventDate "2023.??.??"]
[WhiteTeam "Vorw.Orient Mainz"]
[BlackTeam "SC Matt im Park Ffm"]

1. f4 d5 2. Nf3 Nf6 3. g3 Bf5 4. Bg2 e6 5. O-O Be7 6. d3 O-O 7. Qe1 Nbd7 8. Nc3 Bb4 9. Bd2 Re8 10. e3 c6 11. Nh4 Bxc3 12. Bxc3 Nc5 13. h3 h6 14. Bd4 b6 15. g4 Bh7 16. Qg3 Nfd7 17. g5 hxg5 18. Nf3 g4 19. hxg4 Nb7 20. Kf2 c5 21. Bc3 c4 22. Rh1 f6 23. Qh3 Nf8 24. dxc4 Nc5 25. Nd2 Bxc2 26. cxd5 exd5 27. Qh8+ Kf7 28. Qh5+ Ke7 29. g5 Bg6 30. gxf6+ gxf6 31. Qh8 Nd3+ 32. Kg1 Qd6 33. Qg7+ Bf7 34. Rh6 Nd7 35. Rh7 Qe6 36. Nf1 Rg8 37. Qh6 Rxg2+ 38. Kxg2 Qg4+ 39. Ng3 Rg8 40. Qh5 Qxg3+ 0-1